[Event "HUN-chT2 Charousek 1011"]
[Site "Hungary"]
[Date "2010.10.10"]
[Round "3"]
[White "Antal, Agnes"]
[Black "Bakos, Andrea"]
[Result "1/2-1/2"]
[WhiteElo "2033"]
[BlackElo "1887"]
[PlyCount "61"]
[EventDate "2010.09.12"]
[EventType "team-tourn"]
[EventRounds "11"]
[EventCountry "HUN"]
[SourceTitle "EXT 2012"]
[Source "ChessBase"]
[SourceDate "2011.11.24"]
[SourceVersion "1"]
[SourceVersionDate "2011.11.24"]
[SourceQuality "1"]
[WhiteTeam "BEAC"]
[BlackTeam "Tapolca"]
[WhiteTeamCountry "HUN"]
[BlackTeamCountry "HUN"]

1. e4 d5 2. exd5 Nf6 3. d4 Nxd5 4. Nf3 g6 5. h3 Bg7 6. c3 0-0 7. Bd3 Nd7 8. 0-0 e5 9. Bc4 N5b6 10. Bb3 exd4 11. Bg5 Bf6 12. Bxf6 Qxf6 13. Nxd4 Nc5 14. Nd2 Be6 15. Nxe6 Nxe6 16. Qg4 Qf4 17. Ne4 Qxg4 18. Nf6+ Kg7 19. Nxg4 Nc5 20. Rfd1 Rad8 21. Kf1 Nxb3 22. axb3 a6 23. Ne5 Rfe8 24. Nd3 Nd7 25. b4 Kf8 26. g3 Kg7 27. Rac1 Kf6 28. Ra1 Kg7 29. Rac1 Kf6 30. Ra1 Kg7 31. Rac1 1/2-1/2

[Event "HUN-chT2 Charousek 1011"]
[Site "Hungary"]
[Date "2010.09.26"]
[Round "2"]
[White "Antal, Agnes"]
[Black "Rot, Norbert"]
[Result "1-0"]
[WhiteElo "2033"]
[BlackElo "1825"]
[PlyCount "47"]
[EventDate "2010.09.12"]
[EventType "team-tourn"]
[EventRounds "11"]
[EventCountry "HUN"]
[SourceTitle "EXT 2012"]
[Source "ChessBase"]
[SourceDate "2011.11.24"]
[SourceVersion "1"]
[SourceVersionDate "2011.11.24"]
[SourceQuality "1"]
[WhiteTeam "BEAC"]
[BlackTeam "Balatonfuered"]
[WhiteTeamCountry "HUN"]
[BlackTeamCountry "HUN"]

1. e4 c5 2. Nc3 e6 3. g3 d5 4. exd5 exd5 5. d4 Nc6 6. dxc5 Be6 7. Bg2 Nf6 8. Be3 Rc8 9. Nge2 g6 10. 0-0 Qd7 11. Bg5 Bg7 12. Bxf6 Bxf6 13. Bxd5 Rd8 14. Bg2 Qc8 15. Qc1 0-0 16. Ne4 Bg7 17. Nf4 f5 18. Nd6 Rxd6 19. cxd6 Nd4 20. c3 Nc6 21. Qd1 Bc4 22. Bd5+ Bxd5 23. Qxd5+ Kh8 24. Ne6 1-0

[Event "HUN-chT2 Charousek 0607"]
[Site "Hungary"]
[Date "2006.12.03"]
[Round "3"]
[White "Antal, Agnes"]
[Black "Vince, Viola"]
[Result "1-0"]
[WhiteElo "2042"]
[BlackElo "1859"]
[PlyCount "72"]
[EventDate "2006.11.12"]
[EventType "team"]
[EventRounds "11"]
[EventCountry "HUN"]
[SourceTitle "EXT 2008"]
[Source "ChessBase"]
[SourceDate "2007.11.25"]
[SourceVersion "1"]
[SourceVersionDate "2007.11.25"]
[SourceQuality "1"]
[WhiteTeam "Barcza"]
[BlackTeam "Decs"]
[WhiteTeamCountry "HUN"]
[BlackTeamCountry "HUN"]

1. e4 c5 2. Nc3 Nc6 3. g3 g6 4. Bg2 Bg7 5. d3 d6 6. Be3 Rb8 7. f4 Nd4 8. Qd2 b5 9. Nd1 Bb7 10. c3 Nc6 11. Nf3 e6 12. 0-0 Nge7 13. Qf2 b4 14. g4 bxc3 15. bxc3 Ba6 16. Ne1 0-0 17. e5 dxe5 18. Bxc5 exf4 19. Bxc6 Nxc6 20. Bxf8 Qxf8 21. Qxf4 Be5 22. Qd2 Qd6 23. Rf2 Rf8 24. d4 Nxd4 25. cxd4 Bxd4 26. Rc1 Bxf2+ 27. Qxf2 Qb4 28. Ne3 Bb7 29. N1g2 f5 30. gxf5 exf5 31. Qf4 Qd2 32. Qc4+ Rf7 33. Rd1 Qb2 34. Rd7 Qb1+ 35. Nf1 Qb6+ 36. Nfe3 Qf6 1-0

[Event "HUN-chT2 Charousek 0607"]
[Site "Hungary"]
[Date "2006.11.26"]
[Round "2"]
[White "Antal, Agnes"]
[Black "Vucko, Jozsef"]
[Result "0-1"]
[WhiteElo "2042"]
[BlackElo "2141"]
[PlyCount "104"]
[EventDate "2006.11.12"]
[EventType "team"]
[EventRounds "11"]
[EventCountry "HUN"]
[SourceTitle "EXT 2008"]
[Source "ChessBase"]
[SourceDate "2007.11.25"]
[SourceVersion "1"]
[SourceVersionDate "2007.11.25"]
[SourceQuality "1"]
[WhiteTeam "Barcza"]
[BlackTeam "Nagykanizsa II"]
[WhiteTeamCountry "HUN"]
[BlackTeamCountry "HUN"]

1. e4 c5 2. Nc3 Nc6 3. g3 Nf6 4. Bg2 g6 5. d3 Bg7 6. f4 d6 7. Nf3 Ng4 8. h3 Nh6 9. 0-0 0-0 10. Be3 f5 11. Qd2 a6 12. Rae1 Bd7 13. Kh2 b5 14. e5 Rc8 15. Ng5 Nd4 16. Qf2 dxe5 17. fxe5 Bxe5 18. Nf3 f4 19. Nxe5 fxe3 20. Qxf8+ Qxf8 21. Rxf8+ Rxf8 22. Nxd7 Rf2 23. Kg1 Rxc2 24. g4 Rxb2 25. Rxe3 e6 26. Nxc5 b4 27. N3a4 Rxa2 28. Re4 Ne2+ 29. Kh2 a5 30. Nxe6 Nc1 31. Nec5 Nxd3 32. Nxd3 Rxa4 33. Re2 Kg7 34. Kg1 Nf7 35. Kf2 Kf6 36. Ke3 Ra3 37. Kd4 Nd6 38. Nc5 Nb5+ 39. Kc4 Nd6+ 40. Kd5 Nb5 41. Ne4+ Kg7 42. Kc5 Nc7 43. Nd6 Kf6 44. Kb6 Ne6 45. Nc4 Rc3 46. Nxa5 Nf4 47. Rf2 Kg5 48. Kb5 b3 49. Nc4 Rc2 50. Nd2 Nxg2 51. Rxg2 b2 52. Nf3+ Kf4 0-1

[Event "HUN-chT2 Charousek 0304"]
[Site "Hungary"]
[Date "2004.04.04"]
[Round "10"]
[White "Papp, Tamas"]
[Black "Antal, Agnes"]
[Result "0-1"]
[WhiteElo "2085"]
[BlackElo "2087"]
[PlyCount "100"]
[EventDate "2003.09.28"]
[EventType "team"]
[EventRounds "11"]
[EventCountry "HUN"]
[SourceTitle "EXT 2005"]
[Source "ChessBase"]
[SourceDate "2004.11.15"]
[SourceVersion "1"]
[SourceVersionDate "2004.11.15"]
[SourceQuality "1"]

1. e4 e6 2. d4 d5 3. Nc3 dxe4 4. Nxe4 Nd7 5. Nf3 Ngf6 6. Ng3 Bd6 7. Bd3 b6 8. 0-0 Bb7 9. Re1 0-0 10. Bg5 h6 11. Bd2 c5 12. c3 cxd4 13. cxd4 Rc8 14. Rc1 Nd5 15. Bb1 N7f6 16. Ne5 Bb4 17. Rxc8 Qxc8 18. Bxb4 Nxb4 19. Qd2 Nbd5 20. Rc1 Qd8 21. f3 Qd6 22. Ne2 Rd8 23. a3 Ba6 24. Rc6 Qe7 25. Ba2 Nd7 26. Ng4 Nb8 27. Rc1 Bxe2 28. Qxe2 Nf4 29. Qe3 Qd6 30. Rd1 Nc6 31. g3 Ng6 32. d5 Nce7 33. Qd4 Nxd5 34. Ne3 Nge7 35. b4 Kf8 36. f4 Qc7 37. f5 Nc6 38. Nxd5 Nxd4 39. Nxc7 Ne2+ 40. Kf2 Rxd1 41. Kxe2 Rc1 42. Nxe6+ fxe6 43. Bxe6 Ra1 44. b5 Rxa3 45. Bc4 Ke7 46. Kf2 Kf6 47. g4 Kg5 48. Be2 Ra2 49. h3 Kh4 50. Kf3 Kxh3 0-1

[Event "HUN-chT 0304"]
[Site "Hungary"]
[Date "2003.10.05"]
[Round "2"]
[White "Domany, Zsofia"]
[Black "Antal, Agnes"]
[Result "1/2-1/2"]
[WhiteElo "2048"]
[BlackElo "2087"]
[PlyCount "119"]
[EventDate "2003.09.28"]
[EventType "team"]
[EventRounds "11"]
[EventCountry "HUN"]
[SourceTitle "EXT 2005"]
[Source "ChessBase"]
[SourceDate "2004.11.15"]
[SourceVersion "1"]
[SourceVersionDate "2004.11.15"]
[SourceQuality "1"]

1. e4 e6 2. d4 d5 3. Nc3 dxe4 4. Nxe4 Nd7 5. Nf3 Ngf6 6. Nxf6+ Nxf6 7. Bd3 b6 8. Bb5+ Bd7 9. Bxd7+ Nxd7 10. Bf4 Be7 11. c3 0-0 12. 0-0 Bd6 13. Qd2 h6 14. Rfe1 Qf6 15. Ne5 Rad8 16. Qe3 Rfe8 17. Bg3 Bxe5 18. Bxe5 Nxe5 19. Qxe5 Qe7 20. Rad1 c6 21. h3 Rd5 22. Qe2 Red8 23. Rd2 Qd7 24. Rc2 Qd6 25. a3 c5 26. dxc5 Qxc5 27. Qe3 Qd6 28. g3 Rd3 29. Qe2 Kf8 30. Kg2 Rd2 31. Qe4 Rxc2 32. Qxc2 Qd5+ 33. Kh2 Qf3 34. Re3 Qd1 35. Qxd1 Rxd1 36. Re2 Ke7 37. Kg2 Kd6 38. h4 e5 39. Kf3 f5 40. Ke3 g5 41. hxg5 hxg5 42. Rc2 e4 43. Ke2 Rd3 44. Rc1 Kc5 45. Rh1 Kc4 46. Rh5 Kb3 47. Rxg5 Kxb2 48. Rxf5 Kxa3 49. Re5 Rxc3 50. Rxe4 b5 51. Re5 b4 52. Ra5+ Kb2 53. Rxa7 b3 54. Rd7 Kc2 55. Rd2+ Kb1 56. Rd1+ Ka2 57. g4 b2 58. f4 b1Q 59. Rxb1 Kxb1 60. g5 1/2-1/2

[Event "Hostafrancs op 5th"]
[Site "Barcelona"]
[Date "2003.08.31"]
[Round "2"]
[White "Antal, Agnes"]
[Black "Antal, Gergely"]
[Result "0-1"]
[WhiteElo "2087"]
[BlackElo "2475"]
[PlyCount "86"]
[EventDate "2003.08.30"]
[EventType "swiss"]
[EventRounds "9"]
[EventCountry "ESP"]
[SourceTitle "EXT 2004"]
[Source "ChessBase"]
[SourceDate "2003.11.25"]
[SourceVersion "1"]
[SourceVersionDate "2003.11.25"]
[SourceQuality "1"]

1. e4 e5 2. Nc3 Nf6 3. Bc4 Bb4 4. d3 c6 5. Nf3 0-0 6. 0-0 d6 7. h3 h6 8. Ne2 d5 9. exd5 cxd5 10. Bb3 Nc6 11. c3 Bd6 12. Be3 Be6 13. Ng3 Qd7 14. c4 d4 15. Bd2 Nh7 16. Re1 f6 17. Rc1 Ng5 18. Nh4 Ne7 19. c5 Bc7 20. f4 Nf7 21. fxe5 Nxe5 22. Bb4 N7c6 23. Ba3 Bxb3 24. Qxb3+ Qf7 25. Qc2 Nf3+ 26. Nxf3 Bxg3 27. Re2 Qxa2 28. Nd2 Bf4 29. Rf1 Bxd2 30. Qxd2 Rae8 31. Rfe1 Rxe2 32. Qxe2 Qd5 33. Qf2 a5 34. Qg3 Rd8 35. Qc7 Ne5 36. Qxa5 Nxd3 37. Rd1 Ne5 38. b3 Rc8 39. Qb4 d3 40. Qc3 Rc6 41. b4 f5 42. Bc1 Rg6 43. Qd2 Nf3+ 0-1

[Event "San Agustin op 08th"]
[Site "Aviles"]
[Date "2003.08.19"]
[Round "5.16"]
[White "Vioreanu, Bogdan Gabriel"]
[Black "Antal, Agnes"]
[Result "1-0"]
[WhiteElo "2395"]
[BlackElo "2087"]
[PlyCount "55"]
[EventDate "2003.08.16"]
[EventType "swiss"]
[EventRounds "9"]
[EventCountry "ESP"]
[SourceTitle "EXT 2004"]
[Source "ChessBase"]
[SourceDate "2003.11.25"]
[SourceVersion "1"]
[SourceVersionDate "2003.11.25"]
[SourceQuality "1"]

1. d4 e6 2. c4 b6 3. Nf3 Bb7 4. g3 Nf6 5. Bg2 Bb4+ 6. Bd2 Bxd2+ 7. Nbxd2 0-0 8. Nf1 c5 9. d5 exd5 10. Nh4 b5 11. cxb5 Qa5+ 12. Qd2 Qxb5 13. Nf5 Qb4 14. Qxb4 cxb4 15. N1e3 Na6 16. 0-0 Rae8 17. Nd6 Rb8 18. Rac1 Ba8 19. Rfd1 Rb6 20. Nc8 Re6 21. Nxa7 Rb8 22. Kf1 Rb7 23. Rc8+ Re8 24. Nxd5 Rxc8 25. Nxf6+ gxf6 26. Nxc8 Rb8 27. Bxa8 Rxa8 28. Nb6 1-0

[Event "Szombathely Savaria op 3rd"]
[Site "Szombathely"]
[Date "2003.07.22"]
[Round "4"]
[White "Antal, Agnes"]
[Black "Leviczki, Tibor"]
[Result "0-1"]
[WhiteElo "2087"]
[BlackElo "2250"]
[PlyCount "80"]
[EventDate "2003.07.19"]
[EventType "swiss"]
[EventRounds "9"]
[EventCountry "HUN"]
[SourceTitle "CBM 095 Extra"]
[Source "ChessBase"]
[SourceDate "2003.09.04"]
[SourceVersion "1"]
[SourceVersionDate "2003.09.04"]
[SourceQuality "1"]

1. f4 c5 2. e4 Nc6 3. Nc3 g6 4. g3 Bg7 5. Bg2 d6 6. d3 e6 7. Nf3 Nge7 8. Be3 Nd4 9. 0-0 0-0 10. Qd2 Rb8 11. Rae1 b5 12. Nd1 b4 13. g4 f5 14. gxf5 exf5 15. e5 dxe5 16. Nxe5 Bb7 17. c3 bxc3 18. bxc3 Ne6 19. Bxb7 Rxb7 20. d4 cxd4 21. Bxd4 Nxd4 22. cxd4 Bxe5 23. fxe5 Rd7 24. Rf4 g5 25. Rf3 Ng6 26. Nf2 Rxd4 27. Qb2 Nh4 28. Qb3+ Kh8 29. Rg3 f4 30. Rg4 Qa8 31. Qc3 Nf3+ 32. Kf1 Rc8 33. Qa1 Qd5 34. e6 Nxe1 35. Rxg5 Qxg5 36. Qxd4+ Qg7 37. Qe4 Nc2 38. e7 Ne3+ 39. Ke2 Re8 40. Qxf4 Qxe7 0-1

[Event "HUN-chT 0203"]
[Site "Hungary"]
[Date "2003.03.23"]
[Round "9.12"]
[White "Pataki, Gyozo"]
[Black "Antal, Agnes"]
[Result "1-0"]
[WhiteElo "2319"]
[BlackElo "2175"]
[PlyCount "42"]
[EventDate "2002.09.22"]
[EventType "team"]
[EventRounds "11"]
[EventCountry "HUN"]
[SourceTitle "EXT 2004"]
[Source "ChessBase"]
[SourceDate "2003.11.25"]
[SourceVersion "1"]
[SourceVersionDate "2003.11.25"]
[SourceQuality "1"]
[WhiteTeam "Paks ASE"]
[BlackTeam "BEAC"]
[WhiteTeamCountry "HUN"]
[BlackTeamCountry "HUN"]

1. d4 e6 2. c4 b6 3. Nc3 Bb7 4. a3 Nf6 5. Nf3 d5 6. cxd5 Nxd5 7. Qc2 Be7 8. e4 Nxc3 9. bxc3 0-0 10. Bb2 c5 11. Rd1 cxd4 12. cxd4 Nd7 13. Bd3 h6 14. 0-0 Rc8 15. Qe2 Nf6 16. Ne5 Nd7 17. f4 Nxe5 18. fxe5 Qd7 19. Rf3 Qa4 20. Rg3 Bxa3 21. Ra1 a5 1-0

[Event "HUN-chT 0203"]
[Site "Hungary"]
[Date "2003.02.02"]
[Round "6.12"]
[White "Kovacs, Marton"]
[Black "Antal, Agnes"]
[Result "1-0"]
[WhiteElo "2104"]
[BlackElo "2175"]
[PlyCount "61"]
[EventDate "2002.09.22"]
[EventType "team"]
[EventRounds "11"]
[EventCountry "HUN"]
[SourceTitle "EXT 2004"]
[Source "ChessBase"]
[SourceDate "2003.11.25"]
[SourceVersion "1"]
[SourceVersionDate "2003.11.25"]
[SourceQuality "1"]
[WhiteTeam "Hajduboszormeny"]
[BlackTeam "BEAC"]
[WhiteTeamCountry "HUN"]
[BlackTeamCountry "HUN"]

1. d4 e6 2. Nf3 b6 3. Bf4 Bb7 4. e3 Nf6 5. h3 Be7 6. Nbd2 0-0 7. Bd3 c5 8. c3 Nc6 9. 0-0 d6 10. Qe2 cxd4 11. exd4 Re8 12. Rfe1 Qd7 13. Rad1 Rad8 14. Ne4 Nd5 15. Bc1 Bf8 16. a3 Qc7 17. Qc2 h6 18. c4 Nde7 19. Nc3 Na5 20. Nd2 a6 21. b4 Nac6 22. Nf3 e5 23. Nd5 Nxd4 24. Nxc7 Nxc2 25. Bxc2 Bxf3 26. gxf3 Nc6 27. Nxe8 Rxe8 28. Be3 Rb8 29. f4 Be7 30. Bd4 Rc8 31. Bxb6 1-0

[Event "HUN-ch (Women) 50th"]
[Site "Budapest"]
[Date "2002.09.11"]
[Round "7"]
[White "Gara, Anita"]
[Black "Antal, Agnes"]
[Result "1-0"]
[WhiteElo "2365"]
[BlackElo "2175"]
[PlyCount "126"]
[EventDate "2002.09.05"]
[EventType "tourn"]
[EventRounds "9"]
[EventCountry "HUN"]
[SourceTitle "EXT 2008"]
[Source "ChessBase"]
[SourceDate "2007.11.25"]
[SourceVersion "1"]
[SourceVersionDate "2007.11.25"]
[SourceQuality "1"]

1. e4 c5 2. Nf3 Nc6 3. d4 cxd4 4. Nxd4 e5 5. Nb5 d6 6. Be3 Be7 7. Nd2 a6 8. Nc3 Be6 9. Nd5 Bxd5 10. exd5 Nb8 11. Bd3 Bg5 12. Bxg5 Qxg5 13. Ne4 Qd8 14. 0-0 Nf6 15. Ng3 0-0 16. c4 Nbd7 17. b4 Re8 18. Re1 Rc8 19. Rc1 Nf8 20. Qb3 Ng6 21. Bf5 Rc7 22. Red1 Nf4 23. a4 g6 24. Bb1 h5 25. Qf3 h4 26. Ne2 N6h5 27. Nxf4 Nxf4 28. c5 Qc8 29. Kh1 Kg7 30. Qe3 Qg4 31. Be4 Rh8 32. a5 Qg5 33. Bf3 Qf6 34. Re1 Re8 35. Rc4 Rd8 36. Rd1 Re7 37. Qc3 Rc7 38. c6 bxc6 39. Rxc6 Rxc6 40. dxc6 Rc8 41. Qc4 d5 42. Qxa6 Rxc6 43. Qf1 e4 44. Be2 Rc2 45. Bb5 d4 46. a6 e3 47. fxe3 dxe3 48. Re1 Rxg2 49. Rxe3 Qb2 50. Qxf4 Qd2 51. Qe5+ Kg8 52. Qe8+ Kg7 53. Qe5+ Kg8 54. Re2 Rxe2 55. Bxe2 h3 56. Bf1 Qxb4 57. Qd5 Qb1 58. Qd3 Qb6 59. Bxh3 Qc6+ 60. Bg2 Qc1+ 61. Qf1 Qa3 62. Bd5 Kh8 63. Bxf7 Qe7 1-0

[Event "HUN-ch (Women) 50th"]
[Site "Budapest"]
[Date "2002.09.08"]
[Round "4"]
[White "Antal, Agnes"]
[Black "Gara, Ticia"]
[Result "0-1"]
[WhiteElo "2175"]
[BlackElo "2318"]
[PlyCount "58"]
[EventDate "2002.09.05"]
[EventType "tourn"]
[EventRounds "9"]
[EventCountry "HUN"]
[SourceTitle "EXT 2008"]
[Source "ChessBase"]
[SourceDate "2007.11.25"]
[SourceVersion "1"]
[SourceVersionDate "2007.11.25"]
[SourceQuality "1"]

1. e4 c5 2. Nc3 Nc6 3. g3 g6 4. Bg2 Bg7 5. d3 d6 6. Be3 Rb8 7. Qd2 b5 8. Nge2 b4 9. Nd1 Nd4 10. 0-0 e6 11. f4 Ne7 12. Kh1 0-0 13. Nxd4 cxd4 14. Bg1 Bd7 15. b3 Qc7 16. Nb2 d5 17. Rae1 Rfc8 18. Re2 dxe4 19. Bxe4 Nd5 20. Bxd5 exd5 21. f5 Bxf5 22. Rxf5 gxf5 23. Qg5 h6 24. Qxf5 Re8 25. Rf2 Re5 26. Qf4 Rbe8 27. Na4 Qe7 28. Qxd4 Rf5 29. Qxb4 Qxb4 0-1